000 01073nam2a22002411 4500
001 v19\rc\2094179
005 20250620040656.0
035 _a(NLR Aleph) 005164306
090 _a5013953
_c5013953
100 _a20081218d1914 |||y0rusy50 ca
101 0 _arus
102 _aRU
105 _ay z |||||
200 0 _a... на 15-е июля 1914 года
210 _d1914
_aБ. м.
215 _a[4] с.
225 1 _a...
_vГ. 1. № 6
461 0 _1001v19\rc\2094173
_12001#$aСостояние хлебов и трав... по телеграфным и телефонным сообщениям специальных корреспондентов$v... на 15-е июля 1914 года
_95013903
_cКазань
_d[1914]-[1917]
_tСостояние хлебов и трав... по телеграфным и телефонным сообщениям специальных корреспондентов
_v... на 15-е июля 1914 года
801 0 _aRU
_bNLR
_gpsbo
801 1 _aRU
_bProSoft-M
_2rusmarc
852 _aNLR
_bЗем
_jП/13/9
942 _cBOOK
980 _aNB